000 00472nam a2200157 i 4500
001 90618
003 ES-MaACL
005 20230906180517.0
007 t|
008 050121s1906 fr ||||1| fre d
100 1 _aLehr, Ernest.
_971355
245 1 0 _aEtudes sur le Droit Civil des Etats-Unis de l'Amerique du Nord /
_cErnest Lehr.
260 _aParis :
_b[s.n.],
_c1906 (
_eBar-le-Duc :
_fContant Laguerre)
300 _aXII, 212 p. ;
_c23 cm.
852 _aES-MaACL
_jF-1448
999 _c90618
_d90618